Conclusiones de los Congresos y Jornadas Nacionales de Derecho Civil. 1927-2003.

-д хадгалсан:
Номзүйн дэлгэрэнгүй
Байгууллагын зохиогч: Jornadas Nacionales de Derecho Civil. Facultad de Derecho. Universidad de de Buenos Aires (UBA)
Формат: Бага хурлын үйл явц Ном
Хэл сонгох:англи
Хэвлэсэн: Buenos Aires, Argentina: Facultad de Derecho. Universidad de de Buenos Aires (UBA); La Ley, 2005.
Хэвлэл:1a. ed.
Нөхцлүүд:
Шошгууд: Шошго нэмэх
Шошго байхгүй, Энэхүү баримтыг шошголох эхний хүн болох!

MARC

LEADER 00000nam a22000007a 4500
003 CL-VaPUC
005 20220822114419.0
008 220216t2005 ||||| |||| 00| 0 eng d
999 |c 434438  |d 434436 
020 |a 987-03-0748-5 
040 |c Pontificia Universidad Católica de Valparaíso 
082 |a 346.82 JOR 2005  |2 22 
111 |a Jornadas Nacionales de Derecho Civil.  |c Facultad de Derecho. Universidad de de Buenos Aires (UBA)  |9 866223 
245 |a Conclusiones de los Congresos y Jornadas Nacionales de Derecho Civil.  |b 1927-2003. 
250 |a 1a. ed.  
260 |a Buenos Aires, Argentina:   |b Facultad de Derecho. Universidad de de Buenos Aires (UBA);  |b La Ley,   |c 2005. 
300 |a XLVII, 236 páginas.  
500 |a c.1 Donación Familia Prof. Alejandro Guzmán Brito. 
583 |c 20220216  |k Yessy Stephany Diaz Vidal 
650 0 |a Derecho privado  |9 258243 
650 0 |a Derecho civil  |9 866222  |x Argentina 
942 |2 ddc  |c BK  |n 0 
952 |0 0  |1 0  |2 ddc  |4 0  |6 346_820000000000000_JOR_2005  |7 1  |8 C_AGB  |9 581314  |a BIBDER  |b BIBDER  |d 2022-02-16  |e Donación   |i 564660K  |o 346.82 JOR 2005  |p 564660K  |r 2023-01-25  |t 1  |w 2022-02-16  |y BK_US  |k AGB